000
00278nam a22001337a 4500
008
171104b xxu||||| |||| 00| 0 eng d
020
_a
2900072410753
041
_a
eng
080
_a
339.138
100
_a
61
101
_a
MKT
245
_a
MARKETING
_c
KERIN
942
_2
udc
_c
BK
999
_c
37613
_d
37613